Convênios da União : (Record no. 1187)

MARC details
000 -LÍDER
Campo Fixo de Controle 00839nam a2200253 a 4500
001 - NÚMERO DE CONTROLE
Campo de Controle 1187
003 - IDENTIFICAÇÃO DO NÚMERO DE CONTROLE
Campo de Controle BR-CuiBMT
005 - DATA E HORA DA ÚLTIMA ATUALIZAÇÃO
Campo de Controle 20231130215335.0
008 - DADOS FIXOS
Dados Fixos 231130b2005 dfba 00| 0 por d
020 ## - INTERNATIONAL STANDARD BOOK NUMBER
Nº do ISBN 8574692689
040 ## - AGÊNCIA CATALOGADORA
Agência que transcreveu o registro BR-CuiBMT
Código da Agência Catalogadora BR-CuiBMT
080 ## - Nº DA CLASSIFICAÇÃO DECIMAL UNIVERSAL
Nº Class. CDU 351.712
Nº edição CDU 2007
090 ## - NÚMERO DE CHAMADA
Nº classificação 351.712
Cutter R484c
100 1# - ENTRADA PRINCIPAL -- AUTOR PESSOAL
Nome pessoal Ribeiro, Jorge Miranda
245 10 - TÍTULO PRINCIPAL
Título principal Convênios da União :
Subtítulo temas polêmicos, doutrina, jurisprudência do TCU e Poder Judiciário, recomendações /
Indicação de responsabilidade Jorge Miranda Ribeiro, Maria Mota Pires.
260 ## - PUBLICAÇÃO, DISTRIBUIÇÃO, ETC.
Local de publicação Brasília :
Editora Brasília Jurídica,
Data 2005.
300 ## - DESCRIÇÃO FÍSICA
N. páginas ou volumes 549 p.
Dimensões 23 com
504 ## - NOTA DE BIBLIOGRAFIA, ETC.
Nota de bibliografia Inclui bibliografia.
650 ## - ASSUNTO TÓPICO
Fonte do cabeçalho ou termo Administração pública
Subdivisão geográfica Brasil
650 ## - ASSUNTO TÓPICO
Fonte do cabeçalho ou termo Convênio
Subdivisão geral Legislação
Subdivisão geográfica Brasil
650 ## - ASSUNTO TÓPICO
Fonte do cabeçalho ou termo Prestação de contas
Subdivisão geográfica Brasil
700 1# - ENTRADA SECUNDÁRIA -- NOME PESSOAL
Nome pessoal Pires, Maria Mota
942 ## - ELEMENTOS DE ENTRADA ADICIONAIS (KOHA)
Fonte de classificação ou esquema de arquivamento Classificação Decimal Universal
Tipo de item do Koha Livros
Suprimir no OPAC Não
Holdings
Estado: removido Estado: perdido Fonte de classificação ou esquema de arquivamento Estado: danificado Indisponível para empréstimo Localização permanente Localização atual Data de aquisição Total Checkouts Número de Chamada completo Código de barras Date last seen Número do exemplar Preço efetivo a partir de Tipo de item (Koha)
    Classificação Decimal Universal     Biblioteca da Escola Superior de Contas do TCE/MT Biblioteca da Escola Superior de Contas do TCE/MT 17/08/2020   351.712 R484c BIBTCEMT23111410 30/11/2023 Ex. 1 30/11/2023 Livros

Powered by Koha